000 00352 a2200169 4500
001 163115
020 _a85-7319-128-7
040 _cMagnum
100 _aRamos, Roberto Carlos
240 1 0 _aMarambaia
_lpor
245 1 0 _aMarambaia
300 _a56
362 0 _a1995
440 1 _aDimensão
697 _aLITERATURA INFANTO-JUVENIL
942 _cBK
999 _c163115
_d163115